Jefferson County, survey of historic sites in Kentucky / (Record no. 21599)
[ view plain ]
| 000 -LEADER | |
|---|---|
| fixed length control field | 01233cam a2200301 a 4500 |
| 001 - CONTROL NUMBER | |
| control field | 2317221 |
| 005 - DATE AND TIME OF LATEST TRANSACTION | |
| control field | 20170121154744.0 |
| 008 - FIXED-LENGTH DATA ELEMENTS--GENERAL INFORMATION | |
| fixed length control field | 820605s1981 kyuaf b l001 0 eng |
| 010 ## - LIBRARY OF CONGRESS CONTROL NUMBER | |
| LC control number | 81085531 |
| 020 ## - INTERNATIONAL STANDARD BOOK NUMBER | |
| International Standard Book Number | 0960761209 (pbk.) |
| 040 ## - CATALOGING SOURCE | |
| Original cataloging agency | DLC |
| Transcribing agency | DLC |
| Modifying agency | DLC |
| 043 ## - GEOGRAPHIC AREA CODE | |
| Geographic area code | n-us-ky |
| 050 00 - LIBRARY OF CONGRESS CALL NUMBER | |
| Classification number | NA730 |
| Item number | .K42J44 1981 |
| 245 00 - TITLE STATEMENT | |
| Title | Jefferson County, survey of historic sites in Kentucky / |
| Statement of responsibility, etc. | Elizabeth F. Jones, editor ; Mary Jean Kinsman, associate editor. |
| 260 ## - PUBLICATION, DISTRIBUTION, ETC. (IMPRINT) | |
| Place of publication, distribution, etc. | Louisville, Ky. : |
| Name of publisher, distributor, etc. | Jefferson County Office of Historic Preservation and Archives in conjunction with the Kentucky Heritage Division, |
| Date of publication, distribution, etc. | c1981. |
| 300 ## - PHYSICAL DESCRIPTION | |
| Extent | 165 p., [1] leaf of plates : |
| Other physical details | ill. ; |
| Dimensions | 23 cm. |
| 500 ## - GENERAL NOTE | |
| General note | Includes index. |
| 504 ## - BIBLIOGRAPHY, ETC. NOTE | |
| Bibliography, etc | Bibliography: p. 11-13. |
| 650 #0 - SUBJECT ADDED ENTRY--TOPICAL TERM | |
| Topical term or geographic name as entry element | Architecture |
| Geographic subdivision | Kentucky |
| -- | Jefferson County |
| General subdivision | Guidebooks. |
| 651 #0 - SUBJECT ADDED ENTRY--GEOGRAPHIC NAME | |
| Geographic name | Jefferson County (Ky.) |
| General subdivision | Guidebooks. |
| 700 1# - ADDED ENTRY--PERSONAL NAME | |
| Personal name | Jones, Elizabeth F. |
| 710 2# - ADDED ENTRY--CORPORATE NAME | |
| Corporate name or jurisdiction name as entry element | Jefferson County Office of Historic Preservation and Archives. |
| 710 1# - ADDED ENTRY--CORPORATE NAME | |
| Corporate name or jurisdiction name as entry element | Kentucky. |
| Subordinate unit | Heritage Division. |
| 942 ## - ADDED ENTRY ELEMENTS (KOHA) | |
| Source of classification or shelving scheme | |
| Koha item type | Hard Covered Materials |
| Classification part | NA730 .K42J44 1981 |
No items available.